Skip to content
VuFind
Login
All Fields
Title
Author
Subject
Call Number
ISBN/ISSN
Tag
Find
Advanced
TINY TIRTOISE
Cite this
Text this
Email this
Print
Export Record
Export to RefWorks
Export to EndNoteWeb
Export to EndNote
Export to MARC
Export to BibTeX
Export to RIS
Save to List
Permanent link
TINY TIRTOISE
Saved in:
Bibliographic Details
Main Author:
WETTASINGHE, SYBIL
Format:
Book
Published:
COLOMBO:
GUNASENA,
[ - ].
Tags:
Add Tag
No Tags, Be the first to tag this record!
Holdings
Description
Comments
Similar Items
Staff View
MARC
LEADER
00000nam a22000007a 4500
005
20260330092627.0
020
|a
9789552126338
041
|a
SIN
082
|a
C/F
|b
WET
100
|a
WETTASINGHE, SYBIL
245
|a
TINY TIRTOISE
260
|a
COLOMBO:
|b
GUNASENA,
|c
[ - ].
300
|a
8 P.;
|b
29.5 Cm,
942
|2
ddc
|c
LBK
999
|c
59924
|d
59924
Similar Items
Tiny Tortoise/
by: Wettasinghe, Sybil
Published: (2016)
Tiny Tortoise/
by: Wettasinghe, Sybil
Published: (2021)
Tiny Tortoise/
by: Wettasinghe,Sybil
Tiny Talk
by: Susan,Rivers
Published: (1997)
Circus Tiny
by: Kumara ,Deegoda